Plants and Harappan subsistence : an example of stability and change from Rojdi

Bibliographic Details
Main Author: WEBER
Format: Book
Published: Boulder, Colo. : Westview Press , 1991
Subjects:

MARC

LEADER 00000cam a2200000 7i4500
001 0000000508
005 20010528.0
020 0 0 |a 0813313791 
090 0 0 |a 934   |b WEB 1991 
100 1 0 |a WEBER   |h Steven A. 
245 1 0 |a Plants and Harappan subsistence : an example of stability and change from Rojdi   |c Steven A. Weber 
260 0 0 |a Boulder, Colo. :   |b Westview Press ,   |c 1991 
300 |a xii, 200 p. :   |b ill., maps ;   |c 24 cm. 
500 0 0 |a Bibliography: [p. [187]-200] 
650 0 0 |a Indus civilization 
650 0 0 |a Plant remains (Archaeology)   |z India 
651 0 0 |a Rodji Site (India) 
998 |a JPSM 
999 |a 0000000351   |b Monograph   |c Open Shelf   |e Default branch